| 000 | 00563cam a2200193 a 4500 | ||
|---|---|---|---|
| 001 | 000008602 | ||
| 005 | 20200929161354.0 | ||
| 008 | 761023s1975 ve 000 1 spa | ||
| 040 |
_aDO-SdBNP _bspa _cBNPHU |
||
| 082 |
_aV863.44 _bL719t |
||
| 100 | 1 |
_aLiendo, Eduardo. _d1941- _923030 |
|
| 245 | 1 | 4 |
_aLos topos : _bnovela, testimonio / _cEduardo Liendo. |
| 260 |
_aCaracas : _bMonte Avila, _c1975. |
||
| 300 |
_a185 p. ; _c18 cm. |
||
| 490 | 1 | _aContinente | |
| 650 | 4 |
_aNovela venezolana _93962 |
|
| 650 | 4 |
_aLiteratura venezolana _93816 |
|
| 830 | 0 |
_aContinente _95070 |
|
| 999 |
_c8372 _d8372 |
||